Vista normal
Vista MARC
Entrada Topical Term
Número de registros utilizados en: 1
001 - CONTROL NUMBER
- control field: 38794
003 - CONTROL NUMBER IDENTIFIER
- control field: OSt
005 - DATE AND TIME OF LATEST TRANSACTION
- control field: 20210727144327.0
008 - FIXED-LENGTH DATA ELEMENTS
- fixed length control field: 210727|| aca||aabn | a|a d
040 ## - CATALOGING SOURCE
- Original cataloging agency: OSt
- Transcribing agency: OSt
150 ## - HEADING--TOPICAL TERM
- Topical term or geographic name entry element: Crédito hipotecario
- General subdivision: Oferta y Demanda
- Geographic subdivision: (Bogotá) Colombia
670 ## - SOURCE DATA FOUND
- Source citation: Work cat.: (OSt)8189: Cuellar, María Mercedes, 16576 autora, Desarrollo y perspectivas del financiamiento hipotecario en Colombia : , 2006